000 00771nam a22002535a 4500
001 002673
003 armpunfd
005 20140612090712.0
008 130429s2011####ag############000#0#und#d
020 _a9789871123827
040 _aarmpunfd
_carmpunfd
080 _a340.1 C 338
100 1 _aCerutti, Maria del Carmen.
245 1 0 _aDerecho de daños :
_bAnalisis de algunos problemas conceptuales.
260 _aCordoba :
_bAcademia Nacional de Derecho y Ciencias Sociales de Cordoba,
_c2011.
300 _a334 p.
650 7 _aabstencion causativa del daño
_2LEMB
650 7 _aantijuricidad
_2LEMB
650 7 _adaño injusto
_2LEMB
650 7 _adeber de no dañar
_2LEMB
650 7 _aderecho de daños
_2LEMB
942 _c
_2cdu
945 _asa
_d2013-04-29
999 _c2562
_d233066